The feeling of what happens: body and emotion in the making of consciousness
Gespeichert in:
| 1. Verfasser: | |
|---|---|
| Format: | Buch |
| Sprache: | Englisch |
| Veröffentlicht: |
Nueva York
Harcourt Brace
1999
|
| Schlagworte: | |
| Tags: |
Tag hinzufügen
Keine Tags, Fügen Sie den ersten Tag hinzu!
|
MARC
| LEADER | 00000nam a2200000 a 4500 | ||
|---|---|---|---|
| 001 | UCO2950 | ||
| 003 | CL-VaPUC | ||
| 008 | 000610e19990000US |||||||||||||||||eng|d | ||
| 082 | 0 | 4 | |a 153 |b DAM |2 21 |
| 100 | |a Damasio, Antonio |e author |9 583476 | ||
| 245 | 1 | 4 | |a The feeling of what happens: body and emotion in the making of consciousness |
| 300 | |a 385 p | ||
| 942 | |c BK | ||
| 945 | |d 20000610 00:00:00 |a rbrito | ||
| 260 | |a Nueva York |b Harcourt Brace |c 1999 | ||
| 650 | 0 | |a Emociones |9 265224 | |
| 650 | 0 | |a Conciencia |9 309452 | |
| 650 | 0 | |a Aspectos filosóficos |9 265456 | |
| 583 | |a last modification |c 20000610 00:00:00 |k Rodrigo Vera | ||
| 999 | |c 289439 |d 289437 | ||
| 952 | |0 0 |1 0 |4 0 |6 153_000000000000000_DAM_1999 |7 0 |8 A |9 337832 |a FDOPOS |b FDOPOS |d 2019-11-20 |i 3626067 |o 153 DAM 1999 |p 3626067 |r 2025-01-22 |w 2019-11-20 |y BK |k MLA | ||